| 000 | 00627nam a2200241Ia 4500 | ||
|---|---|---|---|
| 003 | OSt | ||
| 005 | 20220924153817.0 | ||
| 006 | a|||||r|||| 00| 0 | ||
| 007 | ta | ||
| 008 | 220923b |||||||| |||| 00| 0 mal d | ||
| 024 | _a351677 | ||
| 037 | _cTextual | ||
| 040 |
_aARTS _cARTS _bmal |
||
| 041 |
_2mal _amal |
||
| 082 | _aO32,3x, P7 | ||
| 100 |
_aE. P. Sree Kumar Au. _9229799 |
||
| 245 | 0 | _aAziyaa muttirai | |
| 260 | _c2007 | ||
| 650 |
_a MALAYALAM LITERATURE _938866 |
||
| 650 |
_aMALAYALAM FICTION _9183428 |
||
| 942 |
_hO32,3x, P7 _cTEXL _2CC |
||
| 999 |
_c474834 _d474834 |
||